00290nam a2200121Ia 45000030006000000080041000060400015000471000010000622450028000722600039001005460012001390050017001510STCL150530s9999 xx 000 0 und d aSTCLcSTCL aFrost aFrost centennial essays bMississippi university pressc1969 aEnglish20220125171355.0